Historische deutsche Ortsnamen (Exonyme) - Statistiken

Allgemein
  • Dieses Quiz wurde 130 mal gespielt
  • Das Durchschnittsergebnis liegt bei 27 aus 80
Antwortstatistiken
Land Lokale Bezeichnung Deutsches Exonym % Korrekt
Belgien Bruxelles Brüssel
97%
Frankreich Strasbourg Straßburg
92%
Dänemark København Kopenhagen
91%
Italien Milano Mailand
88%
Italien Venezia Venedig
88%
Polen Warszawa Warschau
85%
Polen Kraków Krakau
84%
Tschechien Praha Prag
82%
Rumänien București Bukarest
78%
Tschechien Plzeň Pilsen
78%
Polen Gdańsk Danzig
77%
Russland Kaliningrad Königsberg
75%
Serbien Beograd Belgrad
74%
Polen Poznań Posen
71%
Frankreich Mulhouse Mülhausen
70%
Polen Szczecin Stettin
68%
Belgien Liège Lüttich
66%
Polen Wrocław Breslau
65%
Italien Trieste Triest
65%
Tschechien Brno Brünn
62%
Polen Katowice Kattowitz
59%
Polen Gliwice Gleiwitz
58%
Slowakei Bratislava Preßburg
57%
Niederlande Arnhem Arnheim
56%
Polen Łódź Lodsch / Lodz
51%
Slowenien Ljubljana Laibach
50%
Ukraine Lwiw Lemberg
48%
Polen Opole Oppeln
42%
Tschechien Ostrava Mährisch-Ostrau
39%
Estland Tallinn Reval
37%
Litauen Vilnius Wilna
35%
Niederlande Nijmegen Nimwegen
33%
Polen Toruń Thorn
32%
Litauen Klaipėda Memel
30%
Italien Trento Trient
30%
Tschechien České Budějovice Budweis
29%
Slowenien Maribor Marburg an der Drau
29%
Rumänien Sibiu Hermannstadt
28%
Tschechien Olomouc Olmütz
28%
Polen Olsztyn Allenstein
26%
Polen Elbląg Elbing
25%
Polen Gdynia Gdingen
25%
Rumänien Cluj-Napoca Klausenburg
22%
Polen Częstochowa Tschenstochau
20%
Kroatien Zagreb Agram
19%
Polen Bydgoszcz Bromberg
18%
Frankreich Nancy Nanzig
16%
Moldawien Chișinău Kischinau
15%
Russland Sowetsk Tilsit
14%
Lettland Daugavpils Dünaburg
13%
Rumänien Brașov Kronstadt
13%
Tschechien Liberec Reichenberg
13%
Rumänien Timișoara Temeschburg / Temeschwar / Temeswar
13%
Ukraine Tscherniwzi Tschernowitz / Czernowitz
13%
Polen Zabrze Hindenburg
10%
Slowakei Košice Kaschau
10%
Polen Bytom Beuthen
9%
Ungarn Debrecen Debrezin
9%
Estland Tartu Dorpat
9%
Serbien Novi Sad Neusatz
9%
Ungarn Pécs Fünfkirchen
8%
Ungarn Győr Raab
8%
Lettland Liepāja Libau
7%
Litauen Kaunas Kauen
6%
Italien Verona Dietrichsbern / Welsch-Bern
5%
Polen Chorzów Königshütte
5%
Rumänien Oradea Großwardein
4%
Polen Gorzów Wielkopolski Landsberg an der Warthe
4%
Kroatien Rijeka St. Veit am Pflaum
4%
Ungarn Szeged Szegedin / Segedin
4%
Italien Bergamo Welsch-Bergen
4%
Belgien Antwerpen Antorf / Antorff
3%
Frankreich Besançon Bisanz
3%
Rumänien Satu Mare Sathmar
3%
Italien Udine Weiden
3%
Polen Białystok Bjelostock
2%
Ungarn Kecskemét Keschkemet
2%
Ungarn Miskolc Mischkolz
2%
Frankreich Lille Ryssel
2%
Serbien Subotica Maria-Theresiopel
1%
Keine übereinstimmenden Quizze gefunden
Verteilung der Resultate
Anzahl Personen mit jedem Resultat
Perzentil nach korrekt beantworteten Fragen
Ihre Resultats-Entwicklung
Sie haben dieses Quiz noch nicht gespielt